Структурная и полевая геология. (Основы структурной геологии и геологическое картирование): учебное пособие

التفاصيل البيبلوغرافية
المؤلف الرئيسي: Буялов Н. И.
اللغة:الروسية
منشور في: Москва, Гостоптехиздат, 1953
الموضوعات:
التنسيق: كتاب
KOHA link:https://koha.lib.tpu.ru/cgi-bin/koha/opac-detail.pl?biblionumber=156530

MARC

LEADER 00000nam0a2200000 4500
001 156530
005 20231031153228.0
035 |a (RuTPU)RU\TPU\book\169771 
090 |a 156530 
100 |a 20090328d1953 m y0rusy50 ca 
101 0 |a rus 
102 |a RU 
105 |a af j 001zy 
200 1 |a Структурная и полевая геология. (Основы структурной геологии и геологическое картирование)  |e учебное пособие  |f Н. И. Буялов 
210 |a Москва  |c Гостоптехиздат  |d 1953  |a Ленинград 
215 |a 515 с.  |c ил. 
320 |a Библиогр.: с. 510-512. 
610 1 |a структурная геология 
610 1 |a геология 
610 1 |a полевая геология 
610 1 |a картирование 
675 |a 550.8.02(075.32)  |v 3 
700 1 |a Буялов  |b Н. И. 
801 1 |a RU  |b 63413507  |c 20090328  |g PSBO 
801 2 |a RU  |b 63413507  |c 20090805  |g PSBO 
942 |c BK